| 000 | 00711nam a2200229 u 4500 | ||
|---|---|---|---|
| 005 | 20260415064232.0 | ||
| 008 | 170518s1997 r 000 0 eng d | ||
| 020 | _a9501260658 | ||
| 035 | _aUPN01000217924 | ||
| 049 | _aCG | ||
| 050 | 4 |
_aLB1051 _bE9.2 |
|
| 245 | 0 | 0 |
_aEvaluación psicológica en el campo socioeducativo / _ccomp. María Martina Casullo. |
| 260 |
_aBuenos Aires : _bPaidós, _c1997. |
||
| 300 |
_a301 p. : _bil., cuadros |
||
| 440 | 0 |
_aEvaluación psicológica ; _v65 |
|
| 650 | 2 |
_aEvaluación psicológica _98411 |
|
| 650 | 4 |
_aPsicología educativa _95197 |
|
| 650 | 4 |
_aEvaluación educativa _94298 |
|
| 700 | 1 |
_aCasullo, María Martina, _ecomp. |
|
| 905 | _aLibro | ||
| 999 |
_c190024 _d190024 |
||